FIFA 19 - Best Football Players - Statistics

General Stats
  • This quiz has been taken 2,556 times
  • The average score is 112 of 397
Answer Stats
OVA Player % Correct
94 Cristiano Ronaldo
97%
94 Lionel Messi
97%
92 Neymar
91%
87 Kylian Mbappé
81%
91 Luis Suarez
77%
90 Robert Lewandowski
77%
91 Kévin De Bruyne
76%
91 Luka Modric
76%
88 Mohamed Salah
75%
89 Harry Kane
74%
91 Sergio Ramos
74%
90 Manuel Neuer
71%
91 Eden Hazard
70%
86 Sadio Mané
70%
84 Dele Alli
69%
81 Thorgan Hazard
69%
90 Toni Kroos
69%
84 Karim Benzema
67%
88 Thiago Silva
67%
85 Virgil van Dijk
67%
84 Bernardo Silva
66%
89 David Silva
66%
88 Gareth Bale
66%
89 Antoine Griezmann
65%
89 Sergio Agüero
65%
90 Thibaut Courtois
65%
91 David De Gea
64%
88 Paul Pogba
64%
84 Heung-min Son
62%
87 Gérard Piqué
61%
89 Marc-André ter Stegen
61%
89 N'Golo Kanté
61%
90 Jan Oblak
60%
85 Zlatan Ibrahimovic
60%
81 | 88 Marcelo
59%
89 Edinson Cavani
58%
86 Roberto Firmino
58%
87 Romelu Lukaku
58%
86 Thomas Müller
58%
85 Alisson
57%
88 Casemiro
57%
86 Raphaël Varane
57%
87 Andrès Iniesta
56%
86 Ederson
56%
87 Jordi Alba
55%
89 Paulo Dybala
55%
88 Gianluigi Buffon
54%
85 Marco Reus
54%
85 Raheem Sterling
54%
89 Giorgio Chiellini
53%
87 Keylor Navas
53%
86 Leroy Sané
53%
81 Salif Sané
53%
88 Sergio Busquets
53%
88 Hugo Lloris
52%
84 Mousa Dembélé
52%
82 Ousmane Dembélé
52%
85 Joshua Kimmich
51%
84 Angel Di Maria
50%
84 Daniel Carvajal
50%
86 Leonardo Bonucci
50%
81 Marcus Rashford
50%
89 Mats Hummels
50%
87 Pierre-Emerick Aubameyang
50%
86 Jérôme Boateng
49%
81 Kevin-Prince Boateng
49%
87 Alexis Sanchez
48%
85 Arjen Robben
48%
84 Davinson Sanchez
48%
87 Ivan Rakitic
48%
88 James Rodriguez
48%
82 Jordan Henderson
48%
88 Philippe Coutinho
48%
82 Rodri
48%
81 Andrew Robertson
47%
85 David Alaba
47%
86 Thiago Alcantara
47%
85 Diego Costa
46%
86 Douglas Costa
46%
84 Kyle Walker
46%
86 Mesut Özil
46%
85 Riyad Mahrez
46%
90 Diego Godin
45%
88 Gonzalo Higuain
45%
89 Isco
45%
86 Marco Verratti
45%
85 Pepe
45%
87 Samuel Umtiti
45%
85 Franck Ribéry
44%
88 Christian Eriksen
43%
85 Fabinho
43%
83 Gabriel Jesus
42%
82 Jamie Vardy
42%
82 Lucas Hernandez
42%
81 Benjamin Mendy
41%
84 Javi Martinez
41%
84 Alexandre Lacazette
40%
83 Bruno Fernandes
40%
86 Fernandinho
40%
81 Josef Martinez
40%
84 Marquinhos
40%
84 Alvaro Morata
39%
87 Jan Vertonghen
39%
85 Koke
39%
85 Marco Asensio
39%
82 Olivier Giroud
39%
82 Dani Alvès
38%
83 David Luiz
38%
87 Dries Mertens
38%
82 Gianluigi Donnarumma
38%
84 Alejandro Gomez
37%
83 Anthony Martial
37%
85 Arturo Vidal
37%
82 Harry Maguire
37%
82 John Stones
37%
88 Lorenzo Insigne
37%
81 Mario Gomez
37%
87 Mauro Icardi
37%
85 Vincent Kompany
37%
83 Kingsley Coman
36%
83 Nacho Fernandez
36%
86 Alex Sandro
35%
85 Blaise Matuidi
35%
83 Kepa Arrizabalaga
35%
86 Nicolas Otamendi
35%
84 Sergi Roberto
35%
83 Aymeric Laporte
34%
86 César Azpilicueta
34%
87 Ciro Immobile
34%
87 Kalidou Koulibaly
34%
82 Lucas
34%
84 Willian
34%
84 Ilkay Gündogan
33%
86 Ivan Perisic
33%
81 Joao Cancelo
33%
81 Manuel Fernandes
33%
86 Nemanja Matic
33%
88 Samir Handanovic
33%
85 Filipe Luis
32%
82 Mario Fernandes
32%
84 Mario Mandzukic
32%
83 Memphis Depay
32%
86 Miralem Pjanic
32%
85 Saul Niguez
32%
82 Serge Gnabry
32%
83 Timo Werner
32%
85 Toby Alderweireld
32%
84 Bernd Leno
31%
85 Edin Dzeko
31%
81 Joel Matip
31%
83 Jordan Pickford
31%
84 Jorginho
31%
82 Marcos Alonso
31%
82 Mario Götze
31%
81 Antonio Rüdiger
30%
82 Clément Lenglet
30%
84 Juan Cuadrado
30%
84 Niklas Süle
30%
82 Pedro
30%
83 Presnel Kimpembe
30%
85 Sergej Milinkovic-Savic
30%
83 Adrien Rabiot
29%
82 Georginio Wijnaldum
29%
82 Jesse Lingard
29%
84 José Gimenez
29%
83 Juan Mata
29%
82 Kieran Trippier
29%
82 Petr Cech
29%
85 Radamel Falcao
29%
83 Danilo Pereira
28%
81 Granit Xhaka
28%
82 Iker Casillas
28%
81 James Milner
28%
83 Mateo Kovacic
28%
83 Stefan Savic
28%
82 Axel Witsel
27%
81 Chris Smalling
27%
87 Marek Hamsik
27%
83 Naby Keita
27%
82 Oscar
27%
84 Wojcieh Szczesny
27%
82 Aaron Ramsey
26%
82 Arthur
26%
85 Nabil Fekir
26%
81 Xherdan Shaqiri
26%
82 Ander Herrera
25%
81 Dejan Lovren
25%
81 Hulk
25%
84 Kasper Schmeichel
25%
83 Lucas Leiva
25%
85 Sami Khedira
25%
83 Thomas Lemar
25%
84 Dimitri Payet
24%
82 Eric Bailly
24%
81 Hector Herrera
24%
83 Lucas Vazquez
24%
85 Paulinho
24%
81 Roman Bürki
24%
81 Ben Davies
23%
84 Cesc Fabregas
23%
86 Daniel Parejo
23%
82 Franco Vazquez
23%
82 Fred
23%
82 Hakim Ziyech
23%
85 Kostas Manolas
23%
85 Milan Skriniar
23%
81 Alphonse Areola
22%
82 Antonio Valencia
22%
83 Corentin Tolisso
22%
83 Julian Draxler
22%
85 Radja Nainggolan
22%
84 Sokratis
22%
83 Yannick Carrasco
22%
84 Andrea Barzagli
21%
83 Mario Balotelli
21%
84 Rodrigo
21%
83 Rui Patricio
21%
82 Shkodran Mustafi
21%
84 Stefan de Vrij
21%
82 Thomas Meunier
21%
82 Thomas Partey
21%
84 Anthony Lopes
20%
81 Fabian Ruiz
20%
81 Gary Cahill
20%
84 Henrikh Mkhitaryan
20%
85 Iago Aspas
20%
82 Pau Lopez
20%
83 Steve Mandanda
20%
82 Yann Sommer
20%
82 Andreas Christensen
19%
83 Daniele De Rossi
19%
83 Danijel Subasic
19%
82 David Villa
19%
84 Neto
19%
84 Quaresma
19%
82 Rafinha
19%
81 Wissam Ben Yedder
19%
82 Allan
18%
84 Florian Thauvin
18%
83 Gerard Moreno
18%
83 Kamil Glik
18%
82 Laurent Koscielny
18%
85 Miranda
18%
86 Naldo
18%
82 Wilfried Zaha
18%
84 Alex Telles
17%
83 Felipe
17%
82 Julian Brandt
17%
83 Malcom
17%
86 Medhi Benatia
17%
83 Pepe Reina
17%
82 Emil Forsberg
16%
82 Felipe Anderson
16%
81 Inaki Williams
16%
81 Joao Mario
16%
81 Joao Moutinho
16%
83 Jonathan Tah
16%
84 José Callejon
16%
81 Ricardo Pereira
16%
83 Shinji Kagawa
16%
82 Suso
16%
84 William Carvalho
16%
82 Adil Rami
15%
82 Gabriel Paulista
15%
81 Jasper Cillessen
15%
84 Raul Albiol
15%
82 Steven N'Zonzi
15%
82 Federico Bernardeschi
14%
82 Gelson Martins
14%
82 Leon Bailey
14%
81 Lukasz Piszczek
14%
82 Aleksandar Kolarov
13%
82 Daniele Rugani
13%
83 Éver Banega
13%
81 Jack Butland
13%
84 Jonas
13%
84 Lukas Hradecky
13%
82 Marko Arnautovic
13%
84 Mattia Perin
13%
81 Serge Aurier
13%
84 Sergio Asenjo
13%
82 Victor Ruiz
13%
83 Willian José
13%
85 Yacine Brahimi
13%
81 Adam Lallana
12%
82 Alessandro Florenzi
12%
82 Alessio Romagnoli
12%
82 Andrej Kramaric
12%
83 Gonçalo Guedes
12%
81 Gylfi Sigurdsson
12%
82 Idrissa Gueye
12%
82 Javier Pastore
12%
81 Michy Batshuayi
12%
82 Andrea Belotti
11%
82 Carlos Bacca
11%
81 Fernando Muslera
11%
81 Kévin Gameiro
11%
83 Kevin Strootman
11%
82 Luis Alberto
11%
81 Pedro Leon
11%
84 Stéphane Ruffier
11%
82 Anderson Talisca
10%
83 Aritz Aduriz
10%
81 Carlos Vela
10%
82 Federico Fazio
10%
81 Josip Ilicic
10%
82 Lars Bender
10%
83 Luiz Gustavo
10%
82 Marc Bartra
10%
83 Pizzi
10%
83 Quincy Promes
10%
83 Ralf Fährmann
10%
82 Salvatore Sirigu
10%
81 Sime Vrsaljko
10%
82 Taison
10%
83 Adan
9%
84 Asier Illarramendi
9%
83 Bas Dost
9%
82 Dani Garcia
9%
81 Faouzi Ghoulam
9%
82 Francesco Acerbi
9%
82 Geoffrey Kondogbia
9%
82 Jean Michaël Seri
9%
81 Jeison Murillo
9%
82 Koen Casteels
9%
83 Oliver Baumann
9%
82 Omer Toprak
9%
82 Simone Zaza
9%
81 Stephan El Shaarawy
9%
83 Timo Horn
9%
82 Edin Visca
8%
81 Gerard Deulofeu
8%
81 Jérémy Mathieu
8%
82 Jiri Pavlenka
8%
82 Joaquin
8%
82 Kevin Kampl
8%
81 Kevin Volland
8%
81 Marcel Sabitzer
8%
82 Max Kruse
8%
81 Pablo Sarabia
8%
81 Raffael
8%
81 Victor Vitolo
8%
81 Antonio Candreva
7%
81 Benedikt Höwedes
7%
82 Cédric Bakambu
7%
81 Elseid Hysaj
7%
82 Ezequiel Garay
7%
82 Giacomo Bonaventura
7%
81 Lars Stindl
7%
82 Lucas Biglia
7%
82 Marlos
7%
82 Nicolas Gaitan
7%
81 Renato Augusto
7%
83 Samu Castillejo
7%
82 Sebastian Giovinco
7%
81 Sebastian Rudy
7%
81 Simone Verdi
7%
82 Andrés Guardado
6%
81 Bafétimbi Gomis
6%
82 Daniel Wass
6%
81 Diego Perotti
6%
81 Fedor Smolov
6%
81 Grimaldo
6%
82 Jardel
6%
81 Jesus Corona
6%
82 Jonathan Viera
6%
81 Maicon
6%
81 Manuel Lanzini
6%
83 Manu Trigueros
6%
82 Marco Parolo
6%
81 Mathieu Valbuena
6%
82 Sebastian Coates
6%
82 Andrea Consigli
5%
81 Benjamin Lecomte
5%
81 Borja Valero
5%
81 Charles Aranguiz
5%
81 Eduardo Salvio
5%
83 Emiliano Viviano
5%
81 Gary Medel
5%
81 Geronimo Rulli
5%
83 Giuliano
5%
81 Martin Skrtel
5%
82 Vedran Corluka
5%
81 Abdoulaye Doucouré
4%
81 Anthony Modeste
4%
81 Christoph Kramer
4%
81 Domenico Criscito
4%
81 Guaita
4%
82 Ljubomir Fejsa
4%
81 Matija Nastasic
4%
81 Pablo Fornals
4%
82 Rune Jarstein
4%
82 Marcano
3%
81 Morales
3%
81 Vicente Iborra
3%
81 Bruno Soriano
2%
No matching quizzes found
Score Distribution
Percent of People with Each Score
Percentile by Number Answered
Your Score History
You have not taken this quiz